| 000 | 00466nam a2200181Ia 4500 | ||
|---|---|---|---|
| 005 | 20240604004628.0 | ||
| 008 | 240331s9999 xx 000 0 und d | ||
| 020 | _a1842776258 | ||
| 082 |
_bMON _a364 |
||
| 100 | _aMonzini,P | ||
| 245 | 0 |
_aSex traffic : _bprotitution,crime and explotation |
|
| 250 | _a1 st | ||
| 260 |
_aLondon & New York _bZed Books _c2005 |
||
| 300 | _ax,184 p., | ||
| 650 | _aProstitution | ||
| 650 | _aCrime and Exploitation | ||
| 942 | _cL | ||
| 999 |
_c4552 _d4552 |
||